| Tag |
First Indicator |
Second Indicator |
Subfields |
| LEADER |
00000cam a22000004a 4500 |
| 001 |
in00002189227 |
| 005 |
20151104070331.0 |
| 008 |
060322s2006 ctua b 001 0beng |
| 010 |
|
|
|a 2006009755
|
| 015 |
|
|
|a GBA642363
|2 bnb
|
| 016 |
7 |
|
|a 013454722
|2 Uk
|
| 020 |
|
|
|a 0313335966 (alk. paper)
|
| 024 |
3 |
|
|a 9780313335969
|
| 035 |
|
|
|a (OCoLC)ocm65201361
|
| 040 |
|
|
|a DLC
|c DLC
|d BAKER
|d UKM
|d C#P
|d UtOrBLW
|
| 042 |
|
|
|a pcc
|
| 043 |
|
|
|a n-us---
|
| 049 |
|
|
|a TXAM
|
| 050 |
0 |
0 |
|a GV865.R8
|b S754 2006
|
| 082 |
0 |
0 |
|a 796.357092
|a B
|2 22
|
| 100 |
1 |
|
|a Stewart, Wayne,
|d 1951-
|
| 245 |
1 |
0 |
|a Babe Ruth :
|b a biography /
|c Wayne Stewart.
|
| 264 |
|
1 |
|a Westport, Conn. :
|b Greenwood Press,
|c 2006.
|
| 300 |
|
|
|a xxii, 175 pages :
|b illustrations ;
|c 25 cm.
|
| 336 |
|
|
|a text
|b txt
|2 rdacontent
|
| 337 |
|
|
|a unmediated
|b n
|2 rdamedia
|
| 338 |
|
|
|a volume
|b nc
|2 rdacarrier
|
| 490 |
1 |
|
|a Baseball's all-time greatest hitters
|
| 504 |
|
|
|a Includes bibliographical references (pages [167]-170) and index.
|
| 600 |
1 |
0 |
|a Ruth, Babe,
|d 1895-1948.
|
| 650 |
|
0 |
|a Baseball players
|z United States
|v Biography.
|
| 830 |
|
0 |
|a Baseball's all-time greatest hitters.
|
| 856 |
4 |
1 |
|3 Table of contents
|u http://www.loc.gov/catdir/toc/ecip0611/2006009755.html
|t 0
|
| 938 |
|
|
|a Baker & Taylor
|b BKTY
|c 35.00
|d 35.00
|i 0313335966
|n 0006725153
|s active
|
| 945 |
|
|
|i PromptCat
|
| 947 |
|
|
|a A14834367643
|
| 994 |
|
|
|a 92
|b TXA
|
| 948 |
|
|
|a cataloged
|b h
|c 2006/9/11
|d c
|e rbarron
|f 3:38:46 pm
|
| 999 |
|
|
|a MARS
|
| 999 |
f |
f |
|s cf2343e9-8cac-34b2-9107-a642c71a4cf1
|i 2f11c12d-91c3-357a-bc2c-a6640a6269a2
|t 0
|
| 952 |
f |
f |
|p normal
|a Texas A&M University
|b College Station
|c Sterling C. Evans Library
|d Evans: Library Stacks
|t 0
|e GV865.R8 S754 2006
|h Library of Congress classification
|i unmediated -- volume
|m A14834367643
|
| 998 |
f |
f |
|a GV865.R8 S754 2006
|t 0
|l Evans: Library Stacks
|